Measuring efficiency of the Slovak commercial banks by data envelopment analysis

Analýza technickej účinnosti slovenských komerčných bánk za rok 2009. Majetkové a prevádzkové náklady, počet zamestnancov, poplatky a príjmy. Charakteristika a navrhované možnosti zlepšenia pre každú banku.

Na minha lista:
Detalhes bibliográficos
Autor principal: Pančurová, Dana, 1988-
Outros Autores: Križánková, Katarína
Formato: Capítulo de Livro
Idioma:inglês
Assuntos:
Tags: Adicionar Tag
Sem tags, seja o primeiro a adicionar uma tag!

MARC

LEADER 00000nla a2200000 4500
001 0165947
005 20240502072906.0
041 0 |a eng 
044 |a SK 
245 1 0 |a Measuring efficiency of the Slovak commercial banks by data envelopment analysis  |c Dana Pančurová, Katarína Križánková 
520 |a Analýza technickej účinnosti slovenských komerčných bánk za rok 2009. Majetkové a prevádzkové náklady, počet zamestnancov, poplatky a príjmy. Charakteristika a navrhované možnosti zlepšenia pre každú banku. 
610 2 0 |a Slovensko 
610 2 0 |a bankovníctvo retailové 
610 2 0 |a banky obchodné 
610 2 0 |a služby bankové 
610 2 0 |a poplatky 
610 2 0 |a služby finančné 
610 2 0 |a analýza technická 
100 1 |a Pančurová, Dana, 1988- 
700 1 |a Križánková, Katarína